000 00765nam a22002177a 4500
999 _c13040
_d13040
003 AR-CdUCM
008 190411b ||||| |||| 00| 0 spa d
040 _aMUNICIPALIDAD PROVINCIAL DEL CUSCO
_cBIBLIOTECA MUNICIPAL DEL CUSCO
082 _a082 /
_bA76
100 _aAron, Raymond
_912948
245 _aEl opio de la naturaleza /
260 _aBuenos Aires :
_bLeviatán,
_c1957.
300 _a317 páginas ;
505 _aContenido : Prefacio -- Mitos pollitos -- El mito de la izquierda -- El mito de la revoluciona -- El mito del proletariado -- Del optimismo político ...
650 _aPolítica
_9291
650 _aIntelectuales
_93971
650 _aHombre
_9838
700 _aAlonso, Enrique
_931222
942 _2ddc
_cLIBROS
945 _arah
_d11/04/2019